000 00288nam a22001337a 4500
008 170303b xxu||||| |||| 00| 0 eng d
020 _a9780674010093
041 _aeng
080 _a575
100 _a6
101 _aSHM
245 _aTHE MISUNDERTOOD GENE
_cMORANGE.M
942 _2udc
_cBK
999 _c6778
_d6778